|
|
|
|
| LEADER |
00908nam a22002297a 4500 |
| 001 |
AAL3954 |
| 003 |
BD-DhAAL |
| 005 |
20160323102050.0 |
| 008 |
160323s 2001bg |||| |||| 00| 0 ben d |
| 040 |
|
|
|a BD-DhAAL
|c BD-DhAAL
|
| 082 |
|
|
|a 347.9
|
| 100 |
|
|
|a গাঙ্গুলী, বাসুদেব
|9 18755
|
| 245 |
|
|
|a তামাদি আইন, ১৯০৮ /
|c বাসুদেব গাঙ্গুলী
|
| 246 |
|
|
|a THE LIMITATION ACT, 1908
|
| 260 |
|
|
|a ঢাকা :
|b বাংলাদেশ ল' বুক,
|c ২০০১
|
| 300 |
|
|
|a ৩২৬ পৃ. ;
|c ২২ সে.মি.
|
| 541 |
|
|
|e 3954
|
| 650 |
|
|
|a Limitation act
|9 18756
|
| 852 |
|
|
|a Savar Campus Library
|c General Shelf
|
| 942 |
|
|
|2 ddc
|c BK
|
| 999 |
|
|
|c 37208
|d 37208
|
| 952 |
|
|
|0 0
|1 0
|2 ddc
|4 0
|6 347_900000000000000_GAN
|7 0
|9 58491
|a SCL
|b SCL
|c GEN
|d 2016-03-23
|g 220.00
|l 1
|o 347.9 GAN
|p 3020003954
|r 2025-10-13
|s 2025-10-13
|t 1
|w 2016-03-23
|y BK
|